[Event "Aspayne"]
[Site "http://www.queenalice.com/game.php?id=1353017"]
[Date "2015.4.11"]
[Round "5"]
[White "q_u_i_n_t_e_t"]
[Black "leduar"]
[Result "1-0"]
[WhiteElo "2129"]
[BlackElo "2135"]

1. e4 e5 2. Nf3 Nc6 3. Bb5 a6 4. Bxc6 dxc6 5. O-O f6 6. d4 Bg4 7. c3 exd4 8.
cxd4 Qd7 9. Nc3 O-O-O 10. h3 Bxh3 11. gxh3 Qxh3 12. Nh2 h5 13. Qf3 Qh4 14. Qg2
Rxd4 15. Nf3 Rxe4 16. Nxh4 Rxh4 17. Re1 Be7 18. Re4 Rxe4 19. Qxe4 Kd7 20. Qd4+
Bd6 21. Qa7 Ne7 22. Qxb7 f5 23. Qxa6 h4 24. Bg5 Ng6 25. Re1 Ne5 26. Re3 h3 27.
Bf4 Rh4 28. Bxe5 h2+ 29. Kh1 f4 30. Re4 Bxe5 31. Rxe5 Kd6 32. Rd5+ 1-0

[Event "Challenge"]
[Site "http://www.queenalice.com/game.php?id=1355970"]
[Date "2015.4.26"]
[Round "-"]
[White "Ebbe"]
[Black "q_u_i_n_t_e_t"]
[Result "0-1"]
[WhiteElo "1920"]
[BlackElo "2137"]

1. e4 e5 2. Nf3 Nc6 3. a3 Nf6 4. Nc3 Bc5 5. h3 O-O 6. d3 h6 7. g4 Nd4 8. Nxe5 d6
9. Nf3 Re8 10. g5 hxg5 11. Bxg5 Re6 12. Nxd4 Bxd4 13. Nd5 c6 14. Nf4 Re5 15. h4
Qb6 16. Qf3 Qxb2 17. Qd1 Bg4 18. Rb1 Bc3+ 0-1

[Event "Challenge"]
[Site "http://www.queenalice.com/game.php?id=1360557"]
[Date "2015.5.20"]
[Round "-"]
[White "q_u_i_n_t_e_t"]
[Black "Zugswang"]
[Result "1-0"]
[WhiteElo "2142"]
[BlackElo "2233"]

1. e4 Nf6 2. e5 Nd5 3. c4 Nb6 4. c5 Nd5 5. Bc4 c6 6. d4 d6 7. exd6 exd6 8. Nf3
Bg4 9. O-O Be7 10. h3 Bxf3 11. Qxf3 dxc5 12. Bxd5 Qxd5 13. Qxd5 cxd5 14. dxc5
Bxc5 15. Re1+ Kd7 16. Rd1 Kc6 17. a3 a5 18. b3 Nd7 19. Bb2 f6 20. Nc3 Nb6 21.
Rac1 Be7 22. Nxd5+ Bc5 23. Bd4 Nxd5 24. Rxc5+ Kd6 25. Be3 Ke6 26. Rcxd5 Rhe8 27.
Rd7 Re7 28. R7d6+ Kf7 29. Rd7 Re8 30. Bc5 Rxd7 31. Rxd7+ Kg6 32. Rxb7 Rc8 33.
Bb6 Rc1+ 34. Kh2 Ra1 35. a4 Ra2 36. f3 Ra3 37. Bxa5 Ra2 38. Bb4 f5 39. Bf8 h5
40. Rxg7+ Kf6 41. f4 Rb2 42. b4 Re2 43. Rg5 h4 44. Rh5 Ra2 45. a5 Kg6 46. Rxh4
Ra3 47. Rh8 Kf7 48. h4 Ra4 49. h5 Ra2 50. Kh3 Re2 51. h6 Re4 52. b5 Rxf4 53. b6
Ra4 54. b7 Rxa5 55. b8=Q Rd5 56. Qb3 Ke6 57. h7 1-0

[Event "Ajedrez # 2"]
[Site "http://www.queenalice.com/game.php?id=1360886"]
[Date "2015.5.21"]
[Round "2"]
[White "q_u_i_n_t_e_t"]
[Black "Maniusiek"]
[Result "0-1"]
[WhiteElo "2141"]
[BlackElo "2407"]

1. e4 e5 2. Nf3 Nc6 3. Bb5 Nf6 4. d3 Bc5 5. Bxc6 dxc6 6. O-O Bg4 7. h3 Bxf3 8.
Qxf3 O-O 9. Bg5 Be7 10. Be3 Nd7 11. Qg3 f6 12. f3 Bc5 13. Qf2 Bxe3 14. Qxe3 Qe7
15. Kh1 Nc5 16. b4 Ne6 17. a3 a5 18. bxa5 Rxa5 19. Qd2 Rfa8 20. Ra2 Qd6 21. Qc3
b5 22. Rb2 c5 23. Qd2 Qd4 24. c3 Qd7 25. c4 bxc4 26. dxc4 Qxd2 27. Rxd2 Ra4 28.
Rc1 Rb8 29. Ra2 Rb3 30. Kh2 Kf7 31. Ra1 Rb2 32. h4 Nf4 0-1

[Event "Challenge"]
[Site "http://www.queenalice.com/game.php?id=1363284"]
[Date "2015.6.3"]
[Round "-"]
[White "q_u_i_n_t_e_t"]
[Black "Ebbe"]
[Result "1-0"]
[WhiteElo "2157"]
[BlackElo "1920"]

1. e4 e5 2. Nf3 Nc6 3. Be2 Nf6 4. Nc3 d5 5. exd5 Nxd5 6. Nxd5 Qxd5 7. O-O Bd6 8.
c4 Qe6 9. Ng5 Qg6 10. d3 Be6 11. Bh5 Qf6 12. Nxe6 Qxe6 13. Re1 O-O-O 14. Bf3 Nb4
15. a3 Nc6 16. Bxc6 bxc6 17. Qa4 Bc5 18. b4 Bd4 19. Rb1 Bxf2+ 20. Kxf2 Qf5+ 21.
Kg1 Qxd3 22. Qa6+ Kd7 23. Bg5 Qd4+ 24. Kh1 1-0

[Event "Fury"]
[Site "http://www.queenalice.com/game.php?id=1367563"]
[Date "2015.6.25"]
[Round "-"]
[White "q_u_i_n_t_e_t"]
[Black "TheBigBaluba"]
[Result "1-0"]
[WhiteElo "2143"]
[BlackElo "2135"]

1. e4 c5 2. Nf3 Nc6 3. d3 g6 4. Be2 Bg7 5. O-O d6 6. Na3 Bd7 7. c3 Nf6 8. h3 O-O
9. Be3 Ne8 10. Qd2 Nc7 11. Bh6 Bxh6 12. Qxh6 f6 13. Nc2 Ne5 14. d4 Nf7 15. Qd2
e5 16. dxc5 dxc5 17. Bc4 Bb5 18. Bxb5 Qxd2 19. Nxd2 Nxb5 20. a4 Nbd6 21. Nb3 b6
22. f3 f5 23. exf5 gxf5 24. a5 Nc4 25. Ra2 h5 26. Rfa1 Rad8 27. axb6 axb6 28.
Nc1 Rd1+ 29. Kh2 Rfd8 30. b3 Nd2 31. Ne3 Nf1+ 32. Nxf1 Rxf1 33. Ne2 Rxa1 34.
Rxa1 h4 35. b4 Rd2 36. Re1 Ng5 37. bxc5 bxc5 38. Ng1 e4 39. fxe4 f4 40. Rf1 Ne6
41. Nf3 Rc2 42. Nxh4 Rxc3 43. Ng6 Re3 44. Nxf4 Nd4 45. Nd5 Rxe4 46. Nf6+ 1-0

[Event "Challenge"]
[Site "http://www.queenalice.com/game.php?id=1367620"]
[Date "2015.6.25"]
[Round "-"]
[White "Ebbe"]
[Black "q_u_i_n_t_e_t"]
[Result "1-0"]
[WhiteElo "1916"]
[BlackElo "2162"]

1. e4 e5 2. Nf3 d6 3. h3 Nf6 4. d4 Nxe4 5. dxe5 Be7 6. Bd3 Bf5 7. O-O d5 8. c3
O-O 9. Be3 c5 10. Bxe4 Bxe4 11. Nbd2 Bd3 12. Re1 Nc6 13. Nb3 c4 14. Nbd4 Qb8 15.
Bf4 b5 16. Nxc6 1-0

[Event "Challenge"]
[Site "http://www.queenalice.com/game.php?id=1372116"]
[Date "2015.7.18"]
[Round "-"]
[White "q_u_i_n_t_e_t"]
[Black "Ebbe"]
[Result "0-1"]
[WhiteElo "2163"]
[BlackElo "1928"]

1. e4 e5 2. Nf3 Nc6 3. Bb5 Qf6 4. d3 h6 5. O-O Bc5 6. a3 Nge7 7. b4 Bb6 8. Bb2
Nd4 9. Nxd4 exd4 10. a4 a5 11. bxa5 Rxa5 12. c3 c6 13. Bc4 Rg5 14. a5 Bc7 15. g3
d5 16. exd5 cxd5 17. Bb5+ Nc6 18. a6 O-O 19. Bxc6 bxc6 20. a7 Bb7 21. Qb3 Ba8
22. cxd4 Re8 23. Nc3 Qf3 24. Qc2 h5 25. h4 Rg4 26. Qd1 Rxg3+ 0-1

[Event "Ajedrez # 2"]
[Site "http://www.queenalice.com/game.php?id=1374580"]
[Date "2015.7.31"]
[Round "3"]
[White "HakunaMatata"]
[Black "q_u_i_n_t_e_t"]
[Result "0-1"]
[WhiteElo "2147"]
[BlackElo "2155"]

1. e4 e5 2. d4 exd4 3. Nf3 c5 4. c3 Nc6 5. Bc4 d6 6. O-O Bg4 7. Nbd2 Nf6 8. Qb3
Na5 9. Qa4+ Bd7 10. Bb5 Nc6 11. cxd4 cxd4 12. Nxd4 Nxd4 13. Bxd7+ Qxd7 14. Qxd4
Be7 15. Nc4 O-O 16. Bf4 d5 17. Rfd1 Rfd8 18. exd5 Qxd5 19. Qxd5 Rxd5 20. Rxd5
Nxd5 21. Bg3 Rc8 22. Nd6 Rc2 23. b3 b6 24. Nb5 a6 25. Nd4 Rc8 26. Rd1 Nc3 27.
Rc1 Bf6 28. Rc2 Bxd4 29. Kf1 Rf8 30. f3 b5 31. b4 f6 32. Be1 Na4 33. Rc6 Ra8 34.
Rd6 Be5 35. Rc6 Bxh2 36. g3 Re8 37. Rxa6 Rc8 38. Ra5 Rc1 39. Kg2 Rxe1 40. Kxh2
Nc3 41. a3 g5 42. Ra7 Kf8 43. Rxh7 Re3 44. Kg2 Nb1 45. Ra7 Nxa3 46. Kf2 Nc4 47.
Rb7 Re5 48. f4 gxf4 49. gxf4 Rd5 50. Kf3 Nd2+ 51. Ke3 Nc4+ 52. Ke4 Nd6+ 53. Kxd5
Nxb7 54. Kc6 Nd8+ 55. Kxb5 Ne6 56. Kc6 Ke7 57. f5 Nd4+ 58. Kd5 Nxf5 59. b5 Nd6
60. b6 Kd7 61. b7 Nxb7 62. Ke4 Ke6 63. Kf4 f5 64. Kf3 Ke5 65. Ke3 f4+ 66. Kf3
Nd6 67. Kf2 Ke4 68. Ke2 f3+ 69. Kf2 Nf5 70. Kf1 Ke3 71. Ke1 Ng3 0-1

[Event "Challenge"]
[Site "http://www.queenalice.com/game.php?id=1375950"]
[Date "2015.8.6"]
[Round "-"]
[White "babydaddytoo"]
[Black "q_u_i_n_t_e_t"]
[Result "1/2-1/2"]
[WhiteElo "2041"]
[BlackElo "2167"]

1. e4 e5 2. Nf3 Nc6 3. Bc4 Bc5 4. Nc3 Nf6 5. h3 O-O 6. Ng5 Nd4 7. Nxf7 Rxf7 8.
Bxf7+ Kxf7 9. d3 Bb4 10. Bd2 d5 11. exd5 Nxd5 12. Nxd5 Bxd2+ 13. Qxd2 Qxd5 14.
O-O Bxh3 15. f4 Be6 16. Rae1 Kg8 17. Rxe5 Qd7 18. Rfe1 Bd5 19. Qf2 c5 20. Re7
Qg4 21. Re8+ Rxe8 22. Rxe8+ Kf7 23. Re3 Qd1+ 24. Re1 Qxc2 25. Qxc2 Nxc2 26. Re5
Bxa2 27. Rxc5 Ne1 28. Ra5 Be6 29. f5 Bc8 30. Rc5 Bd7 31. Rc7 Ke7 32. Rxb7 Nxd3
33. Rxa7 Nxb2 34. Kf2 Nc4 35. g4 Nd6 36. Kf3 Nb5 37. Rb7 Kd6 38. Rb8 Ke5 39. Rg8
Kf6 40. Kf4 h6 41. Rd8 Bc6 42. Rc8 Bh1 43. Rb8 Nc7 44. Rb6+ Kf7 45. Ke5 Nd5 46.
Rb7+ Kf8 47. Rb8+ Ke7 48. Rb1 Bf3 49. Rb3 Bg2 50. Rg3 Bh1 51. Ra3 Nf6 52. Ra7+
Kf8 53. Kf4 Nh7 54. Rc7 Nf6 55. Ra7 Nd5+ 56. Ke5 Kg8 57. Rd7 Bf3 58. Rxd5 Bxd5
59. Kxd5 Kf7 60. Ke5 g6 61. f6 h5 62. g5 Ke8 63. Kd5 Kf7 64. Ke5 Kf8 65. Kd4 Kf7
66. Ke5 1/2-1/2

[Event "Challenge"]
[Site "http://www.queenalice.com/game.php?id=1377690"]
[Date "2015.8.15"]
[Round "-"]
[White "Ebbe"]
[Black "q_u_i_n_t_e_t"]
[Result "0-1"]
[WhiteElo "1991"]
[BlackElo "2144"]

1. e4 e5 2. Nf3 Nc6 3. Nc3 Nf6 4. Bc4 Nxe4 5. Nxe4 d5 6. Bxd5 Qxd5 7. d3 Bf5 8.
Qe2 Be7 9. h3 O-O 10. a3 h6 11. c4 Qd7 12. O-O Rfd8 13. Bd2 Nd4 14. Qd1 Bxe4 15.
Nxe5 Qf5 16. f4 Bxd3 17. g4 Ne2+ 18. Kh2 Qe4 19. Re1 Bg5 20. Nxd3 Bh4 21. Rxe2
Qxd3 0-1

[Event "Ajedrez # 2"]
[Site "http://www.queenalice.com/game.php?id=1385434"]
[Date "2015.9.26"]
[Round "4"]
[White "q_u_i_n_t_e_t"]
[Black "LuisGabriel_HD"]
[Result "1-0"]
[WhiteElo "2154"]
[BlackElo "1932"]

1. e4 e5 2. Nf3 Nc6 3. Bb5 Bc5 4. Bxc6 dxc6 5. O-O Qf6 6. d3 Qg6 7. Nxe5 Qf6 8.
Nf3 Qg6 9. Nh4 Qf6 10. Nf3 Qg6 11. Bf4 Bd6 12. Qd2 Nf6 13. e5 Bg4 14. Qe3 Nd5
15. Nh4 Qh5 16. Qe4 Be7 17. Nf3 Bf5 18. Qd4 Qg4 19. Bg3 Qh5 20. Nc3 Be6 21. Nxd5
Bxd5 22. e6 fxe6 23. Qxg7 Rf8 24. Ne5 c5 25. c4 Bc6 26. Nxc6 bxc6 27. Bxc7 Kd7
28. Bg3 Rg8 29. Qe5 Qxe5 30. Bxe5 Rg5 31. d4 Rag8 32. g3 h5 33. h4 Rg4 34. Rfd1
Kc8 35. b3 Rxh4 36. dxc5 Bxc5 37. Kg2 Re4 38. Re1 Reg4 39. Kf1 h4 40. gxh4 Rxh4
41. Bg3 Rh1+ 42. Ke2 Rh5 43. Rad1 e5 44. Kf3 Rf8+ 45. Kg2 Bd4 46. Rh1 Rg5 47.
Rd2 e4 48. Rxd4 Kb7 49. Rxe4 Kb6 50. b4 a6 51. c5+ Kb5 52. a4+ Kxa4 53. Ra1+ Kb5
54. Ra5# 1-0

[Event "Challenge"]
[Site "http://www.queenalice.com/game.php?id=1387977"]
[Date "2015.10.7"]
[Round "-"]
[White "reycas"]
[Black "q_u_i_n_t_e_t"]
[Result "0-1"]
[WhiteElo "2213"]
[BlackElo "2151"]

1. e4 e5 2. f4 exf4 3. Nf3 Be7 4. Bc4 Bh4+ 5. Ke2 Nh6 6. d4 Ng4 7. Rf1 c6 8.
Bxf4 d5 9. exd5 O-O 10. dxc6 Re8+ 11. Be5 Nxc6 12. g3 Bf6 13. Qd2 Nxd4+ 14. Qxd4
Rxe5+ 15. Kd2 Re2+ 16. Bxe2 Bxd4 17. Nxd4 Qxd4+ 18. Bd3 Nxh2 19. Rf4 Qd5 20. Nc3
Qg2+ 21. Ne2 Bg4 22. Rg1 Nf3+ 23. Rxf3 Qxf3 24. Re1 Rd8 25. Kc3 Qe3 26. b3 Bxe2
27. Rxe2 Rxd3+ 28. cxd3 Qxe2 29. a4 Qe5+ 30. d4 Qxg3+ 31. Kc4 Qd6 32. d5 h5 33.
Kd4 h4 34. Ke4 h3 35. Kd4 h2 36. Kc4 h1=Q 37. Kd4 Qh4+ 38. Kd3 Qxd5+ 39. Kc3
Qhd4+ 40. Kc2 Qd2+ 0-1

[Event "Challenge"]
[Site "http://www.queenalice.com/game.php?id=1388002"]
[Date "2015.10.8"]
[Round "-"]
[White "q_u_i_n_t_e_t"]
[Black "reycas"]
[Result "0-1"]
[WhiteElo "2165"]
[BlackElo "2201"]

1. e4 Nf6 2. d3 e5 3. Nf3 Nc6 4. Be2 d5 5. Bg5 Be7 6. O-O dxe4 7. dxe4 O-O 8.
Nc3 h6 9. Be3 Ng4 10. Qd2 Nxe3 11. Qxe3 Qe8 12. Rfd1 f5 13. exf5 Bxf5 14. Rd2
Qg6 15. Nd5 Bd8 16. Nxe5 Nxe5 17. Qxe5 Re8 18. Qf4 Bg5 19. Bh5 Bxf4 20. Bxg6
Bxd2 21. Bxf5 Re5 22. Nxc7 Rf8 23. Be6+ Kh8 24. g3 Ba5 25. f4 Re2 26. Bg4 Rxc2
27. Ne6 Re8 28. b3 h5 29. Bf5 Re2 30. Ng5 Bb6+ 31. Kh1 Re1+ 32. Rxe1 Rxe1+ 33.
Kg2 Re2+ 34. Kh3 Rxa2 35. Be4 Rb2 36. Bxb7 Rxb3 37. Be4 Re3 38. Kh4 Bd8 39. Ba8
g6 40. Kh3 Bxg5 41. fxg5 a5 42. Bc6 Rc3 43. Ba4 Ra3 44. Be8 a4 45. Bxg6 Rb3 46.
Bc2 Rb4 47. Bxa4 Rxa4 48. Kg2 Kg7 49. h4 Ra3 50. Kh3 Kg6 51. Kg2 Kf5 52. Kf2 Ke4
53. g4 hxg4 54. g6 g3+ 55. Kg2 Kf4 56. g7 Ra8 57. h5 Kg5 58. Kxg3 Kxh5 0-1

[Event "Challenge"]
[Site "http://www.queenalice.com/game.php?id=1389503"]
[Date "2015.10.16"]
[Round "-"]
[White "Ebbe"]
[Black "q_u_i_n_t_e_t"]
[Result "1-0"]
[WhiteElo "2022"]
[BlackElo "2164"]

1. e4 e5 2. Nf3 Nc6 3. Bb5 Nge7 4. c3 a6 5. Bc4 d5 6. exd5 Nxd5 7. O-O e4 8. Re1
Bf5 9. d3 Nb6 10. Bb3 Be7 11. dxe4 Qxd1 12. Rxd1 Bxe4 13. Ng5 Bg6 14. a4 a5 15.
Bf4 Bxg5 16. Bxg5 O-O 17. c4 h6 18. Bf4 Rac8 19. Nc3 Nb4 20. c5 Na8 21. Rd2 c6
22. Rad1 Nc7 23. Rd7 Ncd5 24. Bxd5 Nxd5 25. Nxd5 cxd5 26. R1xd5 Rfe8 27. Bd2 Re2
28. Rd8+ Rxd8 29. Rxd8+ Kh7 30. h4 Re5 31. Bxa5 Rxc5 32. b4 Rc4 33. Rb8 Rxh4 34.
Rxb7 f6 35. Bd8 Rf4 36. a5 Bd3 37. b5 Kg6 38. a6 Ra4 39. a7 Be4 40. Re7 Ba8 41.
b6 Rb4 42. Bc7 Rb2 43. Re8 1-0

[Event "Ajedrez # 2"]
[Site "http://www.queenalice.com/game.php?id=1397716"]
[Date "2015.12.7"]
[Round "5"]
[White "MariusLola"]
[Black "q_u_i_n_t_e_t"]
[Result "0-1"]
[WhiteElo "1861"]
[BlackElo "2159"]

1. d4 d5 2. c4 e6 3. Nf3 Nf6 4. e3 Bb4+ 5. Bd2 Bxd2+ 6. Nbxd2 Nbd7 7. Bd3 h6 8.
O-O c6 9. b4 a5 10. b5 c5 11. Re1 O-O 12. a4 Re8 13. Nb3 dxc4 14. Bxc4 b6 15. h3
Ne4 16. Qd3 Bb7 17. Nbd2 Nxd2 18. Nxd2 Qg5 19. f3 cxd4 20. exd4 Bd5 21. Bxd5
Qxd5 22. Ne4 f5 23. Nc3 Qd6 24. Qc4 Rac8 25. Qb3 Nf6 26. Re5 Qxd4+ 27. Kh1 Qxe5
28. Rc1 Nd5 0-1

[Event "Challenge"]
[Site "http://www.queenalice.com/game.php?id=1399765"]
[Date "2015.12.21"]
[Round "-"]
[White "q_u_i_n_t_e_t"]
[Black "Starwind"]
[Result "0-1"]
[WhiteElo "2158"]
[BlackElo "2075"]

1. e4 c6 2. Nf3 d5 3. e5 Bf5 4. d4 e6 5. Be2 c5 6. c3 Nc6 7. Bb5 Rc8 8. O-O a6
9. Bxc6+ Rxc6 10. a4 c4 11. a5 Ne7 12. Bg5 h6 13. Be3 Rc8 14. b3 cxb3 15. Qxb3
Nc6 16. Qxb7 Bd3 17. Nbd2 Rc7 18. Qb2 Bxf1 19. Nxf1 Qc8 20. Bd2 Be7 21. Ng3 O-O
22. Qc1 Qb7 23. Bxh6 Rb8 24. Bxg7 Kxg7 25. Nh5+ Kf8 26. g3 Ke8 27. Qf4 Qb2 28.
Rc1 Kd7 29. c4 dxc4 30. d5 Nb4 31. d6 Nd5 32. Qd2 c3 33. Qe1 Rc5 34. dxe7 Kxe7
35. Kg2 Rb4 36. h4 c2 0-1

[Event "OS INCLIVEIS"]
[Site "http://www.queenalice.com/game.php?id=1400482"]
[Date "2015.12.25"]
[Round "-"]
[White "adelio"]
[Black "q_u_i_n_t_e_t"]
[Result "0-1"]
[WhiteElo "1756"]
[BlackElo "2162"]

1. d4 e6 2. c4 d5 3. a3 dxc4 4. e4 b5 5. Nc3 a6 6. Be2 c5 7. Nf3 cxd4 8. Ng5 Be7
9. Nxf7 Kxf7 10. Bh5+ g6 11. Qf3+ Ke8 12. Ne2 d3 13. Nf4 gxh5 14. Qxh5+ Kd7 15.
Nxe6 Nf6 16. Qh3 Qg8 17. Nd4+ Qg4 18. Be3 Qxh3 19. gxh3 Nxe4 20. O-O-O d2+ 21.
Kb1 c3 22. Nc2 Ke8 23. Bd4 Rf8 24. bxc3 Bf6 25. Rhf1 Bxd4 26. cxd4 Nc3+ 27. Kb2
Nxd1+ 28. Rxd1 Rxf2 29. Ne3 Bxh3 30. Kc3 Nd7 31. Kd3 Rxh2 32. Nd5 Bf5+ 33. Ke3
Kf7 34. Kf4 Rf2+ 35. Kg3 Re2 36. Nf4 Rg8+ 37. Kh4 Rh2+ 38. Nh3 Rxh3# 0-1

[Event "OS INCLIVES"]
[Site "http://www.queenalice.com/game.php?id=1400483"]
[Date "2015.12.25"]
[Round "-"]
[White "q_u_i_n_t_e_t"]
[Black "adelio"]
[Result "1-0"]
[WhiteElo "2163"]
[BlackElo "1725"]

1. e4 a6 2. d4 c5 3. d5 e5 4. Nf3 d6 5. c4 Be7 6. Bd3 h5 7. O-O h4 8. h3 Nd7 9.
Nc3 g5 10. Nh2 Nf8 11. Be2 Ng6 12. Bg4 Nf4 13. Qa4+ Kf8 14. b4 Nf6 15. b5 Nxg4
16. hxg4 Nxg2 17. Kxg2 h3+ 18. Kg1 Rh4 19. f3 Bd7 20. Qd1 Kg7 21. a4 a5 22. Bd2
b6 23. Be1 Qh8 24. Bxh4 Qxh4 25. Ne2 Rg8 26. Rf2 Kf8 27. Ra3 Ke8 28. Qf1 f6 29.
f4 gxf4 30. Rxh3 Rxg4+ 31. Nxg4 Qxg4+ 32. Kh2 Qg8 33. Rg2 Qf7 34. Rh8+ Bf8 35.
Rgg8 f5 36. Rxf8+ Qxf8 37. Rxf8+ Kxf8 38. Qh3 Ke7 39. Qh4+ Kf7 40. Qd8 Be8 41.
Qxb6 fxe4 42. Qxd6 f3 43. Ng3 e3 44. Qxc5 e2 45. Qe3 Bd7 46. Qxf3+ Kg6 47. Qxe2
Kf6 48. Ne4+ Kf5 49. Nd6+ Kf4 50. c5 Bg4 51. Qe4+ Kg5 52. Qxe5+ Kg6 53. b6 Kh6
54. b7 Bd7 55. c6 Bg4 56. b8=Q Bh5 57. Qbh8+ Kg6 58. Qef6# 1-0

[Event "Challenge"]
[Site "http://www.queenalice.com/game.php?id=1408542"]
[Date "2016.2.10"]
[Round "-"]
[White "q_u_i_n_t_e_t"]
[Black "Ebbe"]
[Result "1-0"]
[WhiteElo "2148"]
[BlackElo "2070"]

1. e4 e5 2. Nf3 Nc6 3. Bb5 Nd4 4. Nxd4 exd4 5. Bd3 Bd6 6. O-O Be5 7. Qf3 Nf6 8.
b4 d6 9. h3 O-O 10. c3 a6 11. Bb2 b5 12. cxd4 Bxd4 13. Bxd4 d5 14. e5 Ne4 15.
Bxe4 dxe4 16. Qxe4 Be6 17. Bc5 Re8 18. d4 Bd5 19. Qf4 Re6 20. Qe3 f6 21. f4 f5
22. Qd3 g6 23. Nc3 Bc4 24. Qf3 Bxf1 25. Rxf1 c6 26. Bd6 Qb6 27. Bc5 Qd8 28. d5
cxd5 29. Nxd5 Rb8 30. Rd1 a5 31. Nf6+ 1-0

[Event "Challenge"]
[Site "http://www.queenalice.com/game.php?id=1413232"]
[Date "2016.3.12"]
[Round "-"]
[White "Ebbe"]
[Black "q_u_i_n_t_e_t"]
[Result "0-1"]
[WhiteElo "2035"]
[BlackElo "2158"]

1. e4 e5 2. Nf3 Nc6 3. Bc4 Be7 4. O-O h6 5. d4 Nxd4 6. Nxe5 Ne6 7. Nc3 Bf6 8.
Qh5 Bxe5 9. Qxe5 d6 10. Qg3 Qf6 11. Nd5 Qg6 12. Qxg6 fxg6 13. f4 Bd7 14. f5 gxf5
15. exf5 O-O-O 16. fxe6 Bxe6 17. Ne3 Bxc4 18. Nxc4 Re8 19. b4 Nf6 20. Bb2 Re4
21. Nd2 Rxb4 22. Bxf6 gxf6 23. c3 Rb2 24. Ne4 Rg8 25. g3 Re8 26. Nxf6 Ree2 27.
Ng4 Rg2+ 28. Kh1 h5 29. Rf8+ Kd7 30. Ne3 Rxh2+ 31. Kg1 Rhe2 32. Rf3 Rbd2 33. a4
Rd3 34. Rf7+ Ke6 35. Raf1 Rexe3 36. Rg7 Rxg3+ 37. Rxg3 Rxg3+ 38. Kh2 Rxc3 0-1

[Event "Challenge"]
[Site "http://www.queenalice.com/game.php?id=1421600"]
[Date "2016.5.5"]
[Round "-"]
[White "q_u_i_n_t_e_t"]
[Black "Ebbe"]
[Result "1-0"]
[WhiteElo "2166"]
[BlackElo "1967"]

1. e4 e5 2. Nf3 Nc6 3. Bb5 Bd6 4. Bxc6 dxc6 5. O-O Nf6 6. d3 c5 7. Bg5 h6 8. Bh4
g5 9. Bg3 Qe7 10. Nc3 Bg4 11. Nd5 Nxd5 12. exd5 O-O-O 13. h3 Bh5 14. Re1 g4 15.
Bh4 f6 16. Nd2 Rdg8 17. Ne4 Qf7 18. Nxf6 Rg7 19. Nxh5 Rg6 20. hxg4 Rhg8 21. f3
Qxd5 22. Nf6 Qd4+ 23. Bf2 Qf4 24. Nxg8 Rxg8 25. Re4 Qf7 26. Bg3 h5 27. Bxe5 h4
28. Bxd6 cxd6 29. Qe1 Rh8 30. Re7 Qf6 31. Qe6+ Qxe6 32. Rxe6 h3 33. Rae1 Kc7 34.
Re8 1-0

[Event "Challenge"]
[Site "http://www.queenalice.com/game.php?id=1432406"]
[Date "2016.7.20"]
[Round "-"]
[White "Ebbe"]
[Black "q_u_i_n_t_e_t"]
[Result "1-0"]
[WhiteElo "1956"]
[BlackElo "2162"]

1. d4 d5 2. c4 dxc4 3. e4 e5 4. d5 b5 5. a3 Bc5 6. Nf3 Bg4 7. h3 Bxf2+ 8. Kxf2
Bh5 9. b3 Nf6 10. Nc3 a6 11. bxc4 c6 12. d6 Nbd7 13. Be3 O-O 14. g4 Bg6 15. Bd3
Ne8 16. c5 h6 17. g5 h5 18. Qb3 Kh8 19. h4 a5 20. Ne2 a4 21. Qc3 f6 22. Rag1 1-0

[Event "Challenge"]
[Site "http://www.queenalice.com/game.php?id=1432483"]
[Date "2016.7.20"]
[Round "-"]
[White "MADMIKE"]
[Black "q_u_i_n_t_e_t"]
[Result "1-0"]
[WhiteElo "2017"]
[BlackElo "2179"]

1. d4 d5 2. Nc3 e6 3. a3 Nf6 4. Nf3 c5 5. e3 c4 6. Be2 Bd6 7. O-O a6 8. b3 b5 9.
bxc4 bxc4 10. Na4 O-O 11. Bd2 Bd7 12. Nc3 Qe7 13. h3 Bxa3 14. Ne5 Bd6 15. Bf3
Nc6 16. Nxc6 Bxc6 17. Ne2 e5 18. dxe5 Qxe5 19. Ng3 c3 20. Be1 Ne4 21. Bxe4 dxe4
22. f4 Qc5 23. Qc1 Bxf4 24. Rxf4 f5 25. Qd1 Qxe3+ 26. Rf2 Qxg3 27. Rxf5 Qe3+ 28.
Rf2 Bd7 29. Qxd7 1-0

[Event "Challenge"]
[Site "http://www.queenalice.com/game.php?id=1432484"]
[Date "2016.7.20"]
[Round "-"]
[White "q_u_i_n_t_e_t"]
[Black "MADMIKE"]
[Result "1-0"]
[WhiteElo "2172"]
[BlackElo "2010"]

1. e4 e5 2. Nf3 d6 3. Be2 Nf6 4. d3 h6 5. Nc3 Be7 6. d4 exd4 7. Nxd4 O-O 8. Bf4
a6 9. Qd2 Nc6 10. Nxc6 bxc6 11. Bxh6 gxh6 12. Qxh6 Nh7 13. Qe3 Bf6 14. O-O-O Be6
15. Kb1 c5 16. f4 Re8 17. f5 Bd7 18. g4 Rb8 19. h4 Bxh4 20. Qh3 f6 21. Qxh4 Re7
22. Bc4+ Kh8 23. Qxf6+ Rg7 24. Rxh7+ 1-0